| 000 | 00593nam a2200193 i 4500 | ||
|---|---|---|---|
| 001 | 34994 | ||
| 003 | ES-MaACL | ||
| 005 | 20250612063103.0 | ||
| 007 | t| | ||
| 008 | 030211s1940 sp |||| | spa d | ||
| 080 | _a94(460)"1936/39"(0:82) | ||
| 100 | 1 |
_aBorrás, Tomás, _d1891-1976 _930556 |
|
| 245 | 1 | 0 |
_aChecas de Madrid _b: epopeya de los caídos / _cTomás Borrás. |
| 260 |
_aMadrid : _bEscelicer, _c1940. |
||
| 300 |
_a425 p. ; _c21 cm. |
||
| 651 | 4 |
_aEspaña- _xHistoria- _y1936-1939, Guerra civil- _vNovelas. _98310 |
|
| 852 |
_aES-MaACL _jF-15254 |
||
| 999 |
_c34994 _d34994 |
||